CHANGALYA MARGANE SHRIMANTA HONYACHE GUPIT (Record no. 357769)

MARC details
000 -LEADER
fixed length control field 003390000a22001450004500
005 - DATE AND TIME OF LATEST TRANSACTION
control field 20120302062824.0
040 ## - CATALOGING SOURCE
Original cataloging agency MAR
100 ## - MAIN ENTRY--PERSONAL NAME
Personal name RAGHUVANSHI,RAMESH
245 ## - TITLE STATEMENT
Title CHANGALYA MARGANE SHRIMANTA HONYACHE GUPIT
260 ## - PUBLICATION, DISTRIBUTION, ETC. (IMPRINT)
Place of publication, distribution, etc PUNE c
300 ## - PHYSICAL DESCRIPTION
Extent 83 P.
365 ## - TRADE PRICE
Price amount RS.5/-
650 ## - SUBJECT ADDED ENTRY--TOPICAL TERM
Topical term or geographic name as entry element SANKIRNA / SELF IMPROVEMENT
942 ## - ADDED ENTRY ELEMENTS (KOHA)
Koha item type Book
Holdings
Withdrawn status Lost status Damaged status Not for loan Home library Current library Date acquired Total Checkouts Barcode Date last seen Price effective from
        Institute For Oriental Study, Thane Institute For Oriental Study, Thane 12/02/2009   IOS-M 18820 12/02/2009 12/02/2009